| 000 | 00996cam a22003497a 4500 | ||
|---|---|---|---|
| 003 | CHAP | ||
| 005 | 20220817043136.0 | ||
| 008 | 971013s1987 r 00010 d | ||
| 010 | _a66699 | ||
| 011 | _a67671 | ||
| 035 | _a77142 | ||
| 040 | _cCHAP | ||
| 082 |
_a631.2 _bF36 |
||
| 110 | _aFAO | ||
| 245 | 0 | _aConstruction and operation of small solid wall-bins | |
| 260 |
_aRome : _bFAO, _c1987 |
||
| 300 | _a68 p. ilus. | ||
| 410 | _aFAO | ||
| 490 | 0 |
_aFAO. Servicios agrÃcolas _v; 69 |
|
| 590 |
_aBATCH-UPD _b10 _c20130110 _lUCH01 _h0810 |
||
| 590 |
_aBATCH-UPD _b10 _c20130410 _lUCH01 _h0447 |
||
| 590 |
_aBATCH-UPD _b10 _c20130914 _lUCH01 _h0648 |
||
| 590 |
_aCONVERSION _b10 _c20130109 _lUCH01 _h1337 |
||
| 650 | 1 | 4 |
_aSilos. _9105965 |
| 700 | 0 |
_aBodholt, Ole. _913353 |
|
| 700 | 0 |
_aDiop, Aliou. _932650 |
|
| 810 | 0 | _aFAO | |
| 830 | 0 | 0 |
_aFAO. Servicios agrÃcolas _v; 69 _939697 |
| 901 | _aBK | ||
| 942 | _cLIBRO | ||
| 949 |
_a631.2 F36 _bBC _cFAO _d-30005 _eFAO1 _gI.139722 _h72501 _i77142 _si |
||
| 999 |
_c66699 _d66699 |
||